000 01183nam a2200301 4500
001 0000012983
003 CO-CtgCURN
005 20250429224005.0
007 ta
008 160627s1991 000 0 eng d
020 _a9682439175
040 _aCO-CtgCURN
_bspa
_ccoctgcurn
082 0 _a370.15
_bH37
100 1 _aHernández Hernández, Pedro.
245 1 0 _aPsicología de la educación :
_bcorrientes actuales y teorias aplicadas /
_cPedro Hernández Hernández.
260 _aMexico :
_bEditorial Trillas,
_c1991.
300 _a511 p.
336 _2rdacontent
337 _2rdamedia
_asin mediacion
_bn
338 _2rdacarrier
_avolumen
_bnc
500 _aIncluye indice.
504 _aBibliografia (p. 441-476)
505 8 _aAnálisis del fenomeno educativo.--Valores ciencia tecnica y practica educativa.--Antecedentes psicoeducativos desde el enfoque filosofico pedagogico.--Renovacion educativa comienzos psicoeducaciónales.--Disciplinas psicologicas profesionalizacion psicoeducativa
650 1 4 _aAprendizaje
_vPsicología.
908 _a160627
942 _cBK
_h370.15
_iH37
_2ddc
999 _c34515
_d34515